| 000 | 00516nam a2200133 a 4500 | ||
|---|---|---|---|
| 008 | 080902s2006 ||||||||||||||||| || u | ||
| 020 | _a1919969144 | ||
| 050 | _aSADC(02)2008/1 | ||
| 245 | 0 | 0 |
_aSADC Parliamentary - Civil Society Engagement Handbook _cHughes, Tim (ed) |
| 260 |
_aJohannesburg _bSAIIA _c2006 |
||
| 300 | _aiv, 248p. | ||
| 350 | _a0.00 | ||
| 995 |
_D0.00 _FCBU-MAIN LIBRARY (Kitwe) _H1 _I0.00 _M1 _UAVAILABLE _WMay 5, 2009 _ZInternational Publications |
||
| 999 |
_c56881 _d56881 |
||